000 00531nam a22001937a 4500
003 KOHA_MİRAKIL
005 20250203115233.0
008 250203b tu ||||| |||| 00| 0 tur d
020 _a9789750408441
040 _aTR-AnABB
_btur
_cTR-AnABB
041 _atur
082 _a813.42
_bAKC 2021
100 1 _aAkçam, Dursun,
245 1 0 _aKafdağı'nın ardı /
_cDursun Akçam
260 _aİstanbul :
_bLiteratür Yayın,
_c2021
300 _a246 sayfa ;
_c22 cm
650 0 4 _aTürk edebiyatı, roman
942 _2ddc
_cBK
999 _c8118
_d8118
900 _bGizem YORULMAZ